Gaming Quiz

Random Gaming Quiz

Units in Command and Conquer Generals Zero Hour Quiz Stats

 Plays Quiz not verified by Sporcle

Support Sporcle.
Go Orange.
Score 0/68 Timer 10:00
0 Plays Today
Faction % Correct
USAHumvee
85.6%
USARanger
82%
USAPaladin Tank
81.1%
USARaptor
78.1%
USACrusader Tank
78.1%
ChinaOverlord Tank
76.3%
GLAWorker
75.8%
USAConstruction dozer
75.5%
ChinaBlack Lotus
74.8%
GLAScorpion Tank
73.7%
ChinaHacker
73.5%
USAColonel Burton
72.7%
GLARebel
72.5%
ChinaMIG
72.2%
ChinaRed Guard
71%
ChinaConstruction Dozer
70.5%
USAChinook
70.2%
ChinaBattle Master Tank
69.7%
USAAurora Bomber
68.9%
USAComanche
68%
USAPathfinder
66.6%
ChinaDragon Tank
66.4%
GLAJarmen Kell
66.2%
GLAToxin Terrorist
65.7%
GLATerrorist
65.6%
GLAScud Launcher
64.7%
GLAToxin Tractor
62.1%
GLAQuad Cannon
61.9%
GLARocket Buggy
61.6%
USAStealth Fighter
60.9%
GLAAngry Mob
60.3%
USATomahawk Missile System
59.9%
GLATechnical
59.8%
GLAMarauder Tank
59.4%
Faction % Correct
ChinaHelix
59.4%
ChinaNuke Cannon
57.5%
USAMissile Defender
56.3%
USAAvenger
56.3%
ChinaGattling Tank
55.8%
GLARPG Trooper
55%
ChinaTank Hunter
55%
USAKing Raptor
54.6%
ChinaInferno Cannon
50.2%
ChinaTroop Crawler
50%
GLAHijacker
49.8%
USAMicrowave Tank
49.8%
ChinaSupply Truck
49.2%
GLABattle Bus
49.2%
GLABomb Truck
46.2%
ChinaMini Gunner
44.4%
GLAToxin Rebel
43%
USASentry Drone
41.1%
GLARadar Van
40.9%
USALaser Crusader Tank
40.6%
ChinaEmperor Overlord Tank
37.3%
USACombat Chinook
37.1%
ChinaSuper Hacker
35.6%
GLASaboteur
34.1%
ChinaListening Outpost
32.8%
ChinaECM Tank
31.8%
GLACombat Cycle
31.8%
USAAurora Alpha Bomber
31.5%
ChinaSuper Lotus
31.3%
USAPilot
28.5%
ChinaAssault Troop Crawler
26.3%
ChinaAssault Helix
20.5%
USAMedic Truck
19.7%
ChinaAttack Outpost
17.2%

You're not logged in!

Compare scores with friends on all Sporcle quizzes.
OR
Log In

From the Vault

Profile: Dobby

by lucyinthesky9

Dobby will have to punish himself most grievously for failing this quiz, sir.

You Might Also Like...

Remove Ads.
Support Sporcle.
Get the best of Sporcle when you Go Orange. This ad-free experience offers more features, more stats, and more fun while also helping to support Sporcle. Thank you for becoming a member.

Show Comments

Extras

Top Quizzes Today


Score Distribution

Your Account Isn't Verified!

In order to create a playlist on Sporcle, you need to verify the email address you used during registration. Go to your Sporcle Settings to finish the process.

Report this User

Report this user for behavior that violates our Community Guidelines.

Details: